000 00733nam a2200265Ia 4500
003 OSt
005 20221005024236.0
006 a|||||r|||| 00| 0
007 ta
008 221004b |||||||| |||| 00| 0 eng d
024 _a37633
037 _cTextual
040 _aCRL
_cCRL
_beng
041 _2eng
_aeng
082 _aO:g, J8
100 _aAbercrombie Lascelles
110 _aGift from Prof Amitava Banerjee, London
245 0 _aPrinciples of litrary criticism
260 _aBombay
_bVora India
_c1958
300 _a160p.
_ccm.
650 _aENGLISH LITERATURE
700 _aGift from Prof Amitava Banerjee, London
942 _hO:g, J8
_cTEXL
_2cc
999 _c932538
_d932538